Normal view
MARC view
- Rao Venkoba & Kuruvilla K
Entry Personal Name
001 - CONTROL NUMBER
- control field: 176715
003 - CONTROL NUMBER IDENTIFIER
- control field: OSt
005 - DATE AND TIME OF LATEST TRANSACTION
- control field: 20230314152033.0
008 - FIXED-LENGTH DATA ELEMENTS
- fixed length control field: 230314|| aca||aabn | a|a d
040 ## - CATALOGING SOURCE
- Original cataloging agency: OSt
- Transcribing agency: OSt
100 ## - HEADING--PERSONAL NAME
- Personal name: Rao Venkoba & Kuruvilla K
670 ## - SOURCE DATA FOUND
- Source citation: Work cat.: (OSt)135972: Rao Venkoba & Kuruvilla K, Psychiatry, 1997